• 首页
  • 本馆介绍
  • 公告通知
  • 最新文献
  • 馆藏检索
  • 电子资源
  • 读者导购
  • 参考咨询
  • 我的图书馆
  • 登录
  • 详细信息显示
  • 放入我的书架
  • 预约/预借图书
  • 作者相关作品
  • 分类相关作品
  • 丛书相关作品
  • 出版社相关作品

书目信息

  • 表格格式
  • 工作单格式
  • 卡片格式
题名:
中国法院2018年度案例
    
 
作者: 曹士兵 主编 ;国家法官学院 编
分册: [2]   物权纠纷
出版信息: 北京   中国法制出版社  2018
页数: 290页
开本: 25cm
丛书名:
单 册:
中图分类: D920.5 , D923.25
科图分类:
主题词: 案例--an li--中国--2018--汇编 , 物权--wu quan--民事纠纷--案例--中国--2018--汇编
电子资源:
ISBN: 978-7-5093-3961-9
000 01137nam 2200301 450
001 012001005916
005 20131014162309.0
010    @a978-7-5093-3961-9@dCNY56.00
099    @aCAL 012018089670
100    @a20180706d2018 em y0chiy50 ea
101 0  @achi
102    @aCN@b110000
105    @ay z 000yy
106    @ar
200 1  @a中国法院2018年度案例@Azhong guo fa yuan 2018 nian du an li@h[2]@i物权纠纷@f主编曹士兵@g国家法官学院案例开发研究中心编
210    @a北京@c中国法制出版社@d2018
215    @a290页@d25cm
304    @a分辑号取自书脊
330    @a本书所选案例均是国家法官学院从各地2017年上报的典型案例中挑选出来的精品案例, 全面涵盖物权保护纠纷、所有权纠纷、用益物权纠纷、担保物权纠纷等。
517 1  @a物权纠纷@Awu quan jiu fen
606 0  @a案例@Aan li@y中国@z2018@j汇编
606 0  @a物权@Awu quan@x民事纠纷@x案例@y中国@z2018@j汇编
690    @aD920.5@v5
690    @aD923.25@v5
701  0 @a曹士兵@Acao shi bing@4主编
712 02 @a国家法官学院@Aguo jia fa guan xue yuan@b案例开发研究中心@Ban li kai fa yan jiu zhong xin@4编
801  2 @aCN@b上海新华@c20191020
905    @b1098053-6@dD920.5@e2039@f4
    
    中国法院2018年度案例.[2].物权纠纷/主编曹士兵/国家法官学院案例开发研究中心编.-北京:中国法制出版社,2018
    290页;25cm
    
    
    ISBN 978-7-5093-3961-9:CNY56.00
    本书所选案例均是国家法官学院从各地2017年上报的典型案例中挑选出来的精品案例, 全面涵盖物权保护纠纷、所有权纠纷、用益物权纠纷、担保物权纠纷等。
●
相关链接 在E读中查询图书 在五车中查询图书 在当当中查询图书 在豆瓣中查询图书


正题名:中国法院2018年度案例     索取号:D920.5/2039         预约/预借

序号 登录号 条形码 馆藏地/架位号 状态 备注
1 1098053   210980535   第一样本阅览室/ [索取号:D920.5/2039] 在馆    
2 1098054   210980544   第一借阅区/ [索取号:D920.5/2039] 在馆    
3 1098055   210980553   第一借阅区/ [索取号:D920.5/2039] 在馆    
4 1098056   210980562   第一借阅区/ [索取号:D920.5/2039] 在馆    
唐山师范学院图书馆 欢迎您!
大连网信软件有限公司© 版权所有